| 000 | 00864cab a2200253 4500 | ||
|---|---|---|---|
| 001 | X3812 | ||
| 008 | 090401t1996 xxu||||| |||| 00| 0 eng d | ||
| 035 | _a(Sirsi) u33048 | ||
| 041 | _aeng | ||
| 245 | _aR v North Yorkshire CC ex parte Brown and Cartwright | ||
| 260 | _c1996 | ||
| 350 | _a0 | ||
| 490 |
_aNew Property Cases _v[1996] NPC 160(2) |
||
| 520 | _aQBD 6 November 1996. Quarrying rights. Environmental assessment when considering approval of reserved matters. European Law. English Law. (Taken from case heading). NOTE:- NO PHOTOCOPYING ALLOWED. | ||
| 650 | _aMPG8 | ||
| 650 | _aMPG9 | ||
| 650 | _aQUARRYING | ||
| 650 | _aRIGHTS | ||
| 650 | _aR V NORTH YORKSHIRE CC EX PARTED BROWN AND CARTWRIGHT | ||
| 650 | _aTOWN AND COUNTRY PLANNING ACT 1990 S70 | ||
| 690 | _aPLANNING LAW AND PRACTICE-CASE LAW | ||
| 942 | _n0 | ||
| 948 | _c04/03/1997 | ||
| 999 |
_c22089 _d22089 |
||